000 00315nam a22001457a 4500
008 231124b ||||| |||| 00| 0 eng d
020 _a9780813108377
041 _aeng
080 _a618
082 _a618WOL
100 _a15
101 _aGJINEK
245 _aDAUGHTERS OF CANAAN
_cWOLF .R.M
942 _2udc
_cBK
999 _c60506
_d60506